ბათუმის შოთა რუსთაველის სახელმწიფო უნივერსიტეტის ბიბლიოთეკა

ახალი ქართული ლიტერატურის ისტორია 1 / (ბიბ.ჩანაწერი № 55877)

000 -ლიდერი
ფიქსირებული სიგრძის საკონტროლო ველი 01173nam a2200217Ia 4500
001 - საკონტროლო ნომერი
საკონტროლო ველი 22975
003 - საკონტროლო ნომრის იდენტიფიკატორი
საკონტროლო ველი GE_BSU
005 - ბოლო ოპერაციის თარიღი და დრო
საკონტროლო ველი 20230608112335.0
008 - ფიქსირებული სიგრძის მონაცემთა ელემენტები - ზოგადი ინფორმაცია
ფიქსირებული სიგრძის საკონტროლო ველი 181216s ||||ge |||||||||||||| ||geo||
040 ## - კატალოგიზაციის წყარო
Transcribing agency GE_BSU
041 ## - ენის კოდი
Language code of text/sound track or separate title geo
080 ## - უნივერსალური ათობითი კლასიფიკაციის ინდექსი
Universal Decimal Classification number 821.353.1.09 ა-98
245 ## - ცნობა სათაურის შესახებ
Title ახალი ქართული ლიტერატურის ისტორია 1 /
Statement of responsibility, etc რედ. დავით გამეზარდაშვილი.
264 ## - წარმოების, გამოცემის, დისტრიბუციის და სხვა ცნობები
გამოცემის, წარმოების, დისტრიბუციის... ადგილი თბილისი :
გამოცემის, წარმოების, დისტრიბუციის... სახელწოდება თბილ. სახელმწ. უნ-ტის გამ-ბა,
გამოცემის, წარმოების, დისტრიბუციის... თარიღი 1956.
300 ## - ფიზიკური აღწერა
Extent 526 გვ. ;
Dimensions 21 სმ.
653 ## - INDEX TERM--UNCONTROLLED
Uncontrolled term ახალი ქართული ლიტერატურის ისტორია 1
700 ## - ADDED ENTRY--PERSONAL NAME
Personal name გამეზარდაშვილი, დავით
Relator term რედაქტორი
9 (RLIN) 1225
710 ## - ADDED ENTRY--CORPORATE NAME
Corporate name or jurisdiction name as entry element ი.ბ. სტალინის სახელობის თბილისის სახელმწიფო უნივერსიტეტი
Subordinate unit ახალი ქართული ლიტერატურის ისტორიის კათედრა
9 (RLIN) 18565
942 ## - ADDED ENTRY ELEMENTS (KOHA)
Koha item type წიგნი
Source of classification or shelving scheme
ეგზემპლარები
ჩამოწერის სტატუსი დაკარგული ეგზემპლარის სტატუსი კლასიფიკაციის წყარო ან თაროზე გაწყობის სქემა დაზიანების სტატუსი არ გაიცემა მუდმივი მდებარეობა (დაცვის ადგილი) ამჟამინდელი ადგილსამყოფელი თაროზე განთავსების ადგილი შეძენის თარიღი ღირებულება, შესყიდვის ნორმალური ფასი სრული შენახვის შიფრი შტრიხკოდი ბოლო ოპერაციის თარიღი ეგზემპლარის მიმდევრობითი ნომერი (კეტერი?) ფასის ძალაში შესვლის თარიღი ეგზემპლარის სახეობა საჯარო შენიშვნა
          ბათუმის შოთა რუსთაველის სახელმწიფო უნივერსიტეტის მთავარი ბიბლიოთეკა ბათუმის შოთა რუსთაველის სახელმწიფო უნივერსიტეტის მთავარი ბიბლიოთეკა წიგნსაცავი 2018-12-17 10.00 821.353.1.09 ა-98 58370 2018-12-17 58370 2018-12-17 წიგნი 10.00 ₾.